Statistics for JR01-JR北海道の駅

Click here to take the quiz!

General Stats

  • This quiz has been taken 539 times
    (49 since last reset)
  • The average score is 214 of 346

Answer Stats

本線% Correct
札幌
97%
函館
95%
苫小牧
95%
岩見沢
95%
旭川
95%
新函館北斗
95%
千歳
95%
新千歳空港
95%
長万部
92%
北広島
92%
小樽
92%
新得
92%
室蘭
92%
根室
92%
稚内
92%
富良野
89%
白石
89%
北見
89%
滝川
89%
深川
89%
南千歳
89%
音威子府
89%
新札幌
89%
釧路
89%
登別
89%
南稚内
86%
名寄
86%
網走
86%
桑園
86%
小樽築港
86%
木古内
86%
倶知安
86%
86%
ニセコ
84%
美唄
84%
大沼
84%
恵庭
84%
大沼公園
84%
南小樽
84%
占冠
84%
帯広
84%
東室蘭
84%
江別
84%
サッポロビール庭園
81%
白老
81%
上川
81%
五稜郭
81%
留辺蘂
81%
鵡川
81%
新青森
81%
手稲
81%
洞爺
78%
八雲
78%
士別
78%
奥津軽いまべつ
78%
沼ノ端
78%
銭函
78%
砂川
78%
ほしみ
78%
平和
78%
遠軽
78%
東根室
78%
トマム
78%
苗穂
78%
新夕張
78%
野幌
78%
池田
78%
余市
76%
知床斜里
76%
厚岸
76%
厚別
76%
東釧路
76%
伊達紋別
76%
釧路湿原
76%
女満別
76%
石狩沼田
76%
あいの里教育大
73%
赤平
73%
小幌
73%
追分
73%
芦別
73%
北海道医療大学
73%
新旭川
73%
中富良野
73%
名寄高校
73%
琴似
73%
新琴似
73%
豊富
73%
星置
73%
黒松内
73%
浜厚真
73%
昆布
70%
発寒
70%
白滝
70%
上野幌
70%
美瑛
70%
奈井江
70%
抜海
70%
旭川四条
70%
七飯
70%
永山
70%
美深
70%
幌延
70%
当別
70%
渡島砂原
70%
十勝清水
70%
発寒中央
68%
東滝川
68%
森林公園
68%
大麻
68%
桔梗
68%
母恋
68%
稲積公園
68%
天塩川温泉
68%
厚床
68%
近文
68%
妹背牛
68%
八軒
68%
輪西
65%
白糠
65%
太美
65%
大楽毛
65%
新大楽毛
65%
蘭越
65%
稲穂
65%
納内
65%
東森
65%
和寒
65%
塩狩
65%
あいの里公園
65%
ロイズタウン
65%
標茶
65%
栗山
65%
比布
62%
柏林台
62%
天塩中川
62%
62%
新富士
62%
大中山
62%
芽室
62%
豊浦
62%
小沢
62%
朝里
62%
幌別
62%
植苗
62%
長都
59%
西帯広
59%
駒ヶ岳
59%
昆布盛
59%
赤井川
59%
本輪西
59%
島松
59%
秩父別
59%
北一已
59%
恵み野
59%
北永山
59%
鹿部
59%
幕別
59%
西留辺蘂
59%
摩周
59%
江部乙
59%
上幌向
59%
幌向
59%
丸瀬布
59%
国縫
57%
ラベンダー畑
57%
愛別
57%
美幌
57%
西女満別
57%
原生花園
57%
比羅夫
57%
仁山
57%
仁木
57%
音別
57%
浦幌
57%
熱郛
57%
銀山
57%
栗沢
57%
鷲別
57%
剣淵
54%
高砂
54%
風連
54%
新川
54%
上富良野
54%
南幌延
54%
当麻
54%
川端
54%
生田原
54%
相内
54%
西北見
54%
安平
54%
栗丘
54%
青葉
54%
遠矢
54%
塩谷
54%
蘭島
54%
野花南
54%
浜小清水
54%
川湯温泉
54%
浜中
51%
北秩父別
51%
西神楽
51%
兜沼
51%
目名
51%
光珠内
51%
然別
51%
瀬戸瀬
51%
呼人
51%
礼文
51%
北浜
51%
東相内
51%
黄金
51%
石倉
51%
落部
51%
二股
49%
鹿討
49%
太平
49%
豊幌
49%
塘路
49%
咲来
49%
雄信内
49%
佐久
49%
蘭留
49%
糸井
49%
西和田
49%
社台
49%
由仁
49%
茶志内
49%
豊頃
49%
篠路
49%
学田
49%
多寄
46%
桂台
46%
智恵文
46%
筬島
46%
東旭川
46%
愛し野
46%
端野
46%
豊沼
46%
尾白内
46%
拓北
46%
上芦別
46%
勇払
46%
御影
46%
茶内
46%
札内
46%
有珠
46%
山崎
46%
山越
46%
十弗
46%
御崎
43%
藻琴
43%
南永山
43%
庶路
43%
緋牛内
43%
尾幌
43%
峰延
43%
西御料
43%
早来
43%
厚内
43%
北美瑛
43%
富浦
43%
智北
43%
大成
43%
新吉野
43%
姉別
43%
渡島沼尻
43%
虎杖浜
43%
静狩
41%
札弦
41%
清里町
41%
別保
41%
上尾幌
41%
細岡
41%
北舟岡
41%
崎守
41%
萩野
41%
別当賀
41%
下沼
41%
落石
41%
志文
41%
西瑞穂
41%
糠南
41%
美馬牛
41%
掛澗
41%
勇知
41%
西聖和
41%
問寒別
38%
千代ヶ岡
38%
中斜里
38%
利別
38%
稀府
38%
野田生
38%
瑞穂
38%
西庶路
38%
鱒浦
38%
安国
38%
黒岩
38%
神楽岡
38%
茂尻
38%
柏陽
38%
古山
38%
百合が原
38%
錦岡
35%
伊香牛
35%
日進
35%
美留和
35%
北吉原
35%
大岸
35%
武佐
35%
遠浅
35%
止別
35%
安足間
35%
竹浦
35%
平岸
35%
緑が丘
32%
門静
32%
磯分内
32%
茅沼
32%
長和
32%
三川
32%
西中
30%
中愛別
30%
桜岡
27%

Score Distribution

Percentile by Number Answered

Percent of People with Each Score

Your Score History

You have not taken this quiz since the last reset